000 00836cam a22002773a 4500
001 17807
003 PGUSA
005 20140828083359.0
008 060220s2006||||xxu|||||s|||||000 1 eng d
040 _aPGUSA
_beng
042 _adc
050 4 _aPZ
100 1 _aGaris, Howard Roger,
_d1873-1962
245 1 0 _aUncle Wiggily in the Woods
_h[electronic resource] /
_cHoward Roger Garis
260 _bProject Gutenberg,
_c2006
506 _aPublic domain in the USA.
516 _aElectronic text
653 _aRabbits -- Juvenile fiction
653 _aUncle Wiggily (Fictitious character) -- Juvenile fiction
653 _aAnimals -- Juvenile fiction
653 _aTrees -- Juvenile fiction
700 1 _aWisa, Louis
830 0 _aProject Gutenberg
_v17807
856 4 0 _uhttp://www.gutenberg.org/ebooks/17807
942 _cEB
999 _c247062
_d247062